UM Logo

Digos City sentiment analyzer using lexicon based approach / (Record no. 11485)

MARC details
000 -LEADER
fixed length control field 00646nam a22001697a 4500
008 - FIXED-LENGTH DATA ELEMENTS--GENERAL INFORMATION
fixed length control field 181205b ||||| |||| 00| 0 eng d
082 ## - DEWEY DECIMAL CLASSIFICATION NUMBER
Edition number 2017
Classification number UT 1050
Item number Ab77
100 ## - MAIN ENTRY--PERSONAL NAME
Personal name Aboyot, Jake B.
9 (RLIN) 32921
245 ## - TITLE STATEMENT
Title Digos City sentiment analyzer using lexicon based approach /
Statement of responsibility, etc. Jake B. Aboyot, Christian Rey P. Binoya, and Catherine V. Udo
260 ## - PUBLICATION, DISTRIBUTION, ETC. (IMPRINT)
Place of publication, distribution, etc. Digos City:
Name of publisher, distributor, etc. UMDC
Date of publication, distribution, etc. April 2017.
300 ## - PHYSICAL DESCRIPTION
Extent 91 pages ;
Other physical details 29 cm.
650 ## - SUBJECT ADDED ENTRY--TOPICAL TERM
Topical term or geographic name as entry element Technical Program
Form subdivision Information Technology
General subdivision Undergraduate thesis.
9 (RLIN) 32740
700 ## - ADDED ENTRY--PERSONAL NAME
Personal name Aboyot, Jake B.
9 (RLIN) 32921
700 ## - ADDED ENTRY--PERSONAL NAME
Personal name Binoya, Christian Rey P.
9 (RLIN) 32922
700 ## - ADDED ENTRY--PERSONAL NAME
Personal name Udo, Catherine V.
9 (RLIN) 32923
942 ## - ADDED ENTRY ELEMENTS (KOHA)
Source of classification or shelving scheme Dewey Decimal Classification
Koha item type Undergraduate Thesis
Holdings
Withdrawn status Lost status Source of classification or shelving scheme Damaged status Not for loan Home library Current library Date acquired Total Checkouts Full call number Barcode Date last seen Price effective from Koha item type
    Dewey Decimal Classification     UM Digos College - LIC UM Digos College - LIC 11/28/2018   UT 1050 Ab77 2017 1050 05/15/2025 12/05/2018 Undergraduate Thesis